000 00766nam a2200241Ia 4500
003 OSt
005 20220923223629.0
006 a|||||r|||| 00| 0
007 ta
008 220922b |||||||| |||| 00| 0 hin d
024 _a219,173
037 _cTextual
040 _aARTS
_cARTS
_bhin
041 _2hin
_ahin
082 _aP152v, 152P3
100 _aशर्मा, महेन्द्रपाल
245 0 _aहिन्दी भाषा
_b विकास के सोपान
246 _aHindī bhāṣhā: vikās ke sopāna
260 _aदिल्ली
_b संजय
_c2003
300 _a117i`
_ccm.
942 _hP152v, 152P3
_cTEXL
_2CC
999 _c366493
_d366493